000 00634nam a2200193Ii 4500
003 JO-AjNU
008 230605s9999||||xx |||||||||||||| ||und||
040 _aJO-AjNU
_bara
_erda
_cJO-AjNU
041 _aara
050 1 4 _aBD426.1993
100 3 _aغندور،سعد الدين محمد/اعداد,
_eauthor
_914541
245 0 0 _aقصص غريبة في التقمص
264 3 1 _aطرابلس-لبنان:المؤسسة الحديثة للكتاب ، 1993
300 _a143ص
336 _atext
_btxt
_2rdacontent
337 _aunmediated
_bn
_2rdamedia
338 _avolume
_bnc
_2rdacarrier
650 4 _aالتقمص-فلسفة
_914542
999 _aA3902
_c7470
_d7470